000 00460nmm a2200157Ia 4500
008 251105s9999||||xx |||||||||||||||||und||
020 _a9789569171079
041 _aspa
100 _aMora, Ziley
245 0 _aPalabras mágicas para reencantar la tierra
264 _a[Santiago de Chile, Chile] :
_bUqbar,
_c2012
300 _a180 páginas
650 _aFolklore & Popular Culture
856 _uhttps://public.digitaliapublishing.com/a/21281
942 _cCF
999 _c94762
_d94762